<?xml version="1.0" encoding="UTF-8"?>
<record
    xmlns:xsi="http://www.w3.org/2001/XMLSchema-instance"
    xsi:schemaLocation="http://www.loc.gov/MARC21/slim http://www.loc.gov/standards/marcxml/schema/MARC21slim.xsd"
    xmlns="http://www.loc.gov/MARC21/slim">

  <leader>01088nam a2200277 a 4500</leader>
  <controlfield tag="001">869</controlfield>
  <controlfield tag="003">BR-CuiBMT</controlfield>
  <controlfield tag="005">20231212143432.0</controlfield>
  <controlfield tag="008">231121s2015    bab           000 0 por d</controlfield>
  <datafield tag="020" ind1=" " ind2=" ">
    <subfield code="a">8544202608</subfield>
  </datafield>
  <datafield tag="040" ind1=" " ind2=" ">
    <subfield code="a">BR-CuiBMT</subfield>
    <subfield code="c">BR-CuiBMT</subfield>
  </datafield>
  <datafield tag="080" ind1=" " ind2=" ">
    <subfield code="a">343.2</subfield>
    <subfield code="x">(094.9)</subfield>
    <subfield code="x">(079.1)</subfield>
    <subfield code="2">2007</subfield>
  </datafield>
  <datafield tag="090" ind1=" " ind2=" ">
    <subfield code="a">343.2(094.9)(079.1)</subfield>
    <subfield code="b">H116l</subfield>
    <subfield code="c">7. ed.</subfield>
  </datafield>
  <datafield tag="100" ind1="1" ind2=" ">
    <subfield code="a">Habib, Gabriel</subfield>
  </datafield>
  <datafield tag="245" ind1="1" ind2="0">
    <subfield code="a">Leis penais especiais :</subfield>
    <subfield code="b">Leis n&#xBA; 4.898/1965; 8.137/1990; 8.072/1990; 8.666/1993; 9.455/1997; 9.613/1998; 10.028/2000; 10.827/2003 /</subfield>
    <subfield code="c">Gabriel Habib.</subfield>
  </datafield>
  <datafield tag="250" ind1=" " ind2=" ">
    <subfield code="a">7. ed., rev., ampl. e atual.</subfield>
  </datafield>
  <datafield tag="260" ind1=" " ind2=" ">
    <subfield code="a">Salvador :</subfield>
    <subfield code="b">JusPODIVM,</subfield>
    <subfield code="c">2015.</subfield>
  </datafield>
  <datafield tag="300" ind1=" " ind2=" ">
    <subfield code="a">395 p. ;</subfield>
    <subfield code="c">21 cm</subfield>
  </datafield>
  <datafield tag="490" ind1="1" ind2=" ">
    <subfield code="a">Cole&#xE7;&#xE3;o leis especiais para concursos ;</subfield>
    <subfield code="v">v. 12</subfield>
  </datafield>
  <datafield tag="500" ind1=" " ind2=" ">
    <subfield code="a">Dicas para realiza&#xE7;&#xE3;o de provas de concursos artigo por artigo.</subfield>
  </datafield>
  <datafield tag="500" ind1=" " ind2=" ">
    <subfield code="a">Atualizado de acordo com os informativos e ac&#xF3;rd&#xE3;os do STF/STJ de 2013 e 2014.</subfield>
  </datafield>
  <datafield tag="650" ind1=" " ind2=" ">
    <subfield code="a">Direito penal</subfield>
    <subfield code="v">Legisla&#xE7;&#xE3;o</subfield>
    <subfield code="z">Brasil</subfield>
  </datafield>
  <datafield tag="650" ind1=" " ind2=" ">
    <subfield code="a">Direito penal</subfield>
    <subfield code="x">Problemas, quest&#xF5;es, exerc&#xED;cios</subfield>
  </datafield>
  <datafield tag="830" ind1=" " ind2="0">
    <subfield code="a">Leis especiais para concursos ;</subfield>
    <subfield code="v">12</subfield>
  </datafield>
  <datafield tag="942" ind1=" " ind2=" ">
    <subfield code="2">udc</subfield>
    <subfield code="c">LV</subfield>
  </datafield>
  <datafield tag="952" ind1=" " ind2=" ">
    <subfield code="0">0</subfield>
    <subfield code="1">0</subfield>
    <subfield code="2">udc</subfield>
    <subfield code="4">0</subfield>
    <subfield code="7">0</subfield>
    <subfield code="a">BIBTCEMT</subfield>
    <subfield code="b">BIBTCEMT</subfield>
    <subfield code="d">2023-11-21</subfield>
    <subfield code="l">0</subfield>
    <subfield code="o">343.2(094.9)(079.1) H116l 7. ed.</subfield>
    <subfield code="p">BIBTCEMT23110814</subfield>
    <subfield code="r">2023-11-21</subfield>
    <subfield code="t">Ex. 1</subfield>
    <subfield code="w">2023-11-21</subfield>
    <subfield code="y">LV</subfield>
  </datafield>
  <datafield tag="999" ind1=" " ind2=" ">
    <subfield code="c">869</subfield>
    <subfield code="d">869</subfield>
  </datafield>
</record>
